| 000 | 00711nam a2200229 i 4500 | ||
|---|---|---|---|
| 001 | 7882 | ||
| 003 | ES-MaACL | ||
| 005 | 20230906145331.0 | ||
| 007 | t| | ||
| 008 | 910516s1991 sp ||||1| spa d | ||
| 020 | _a84-239-6233-4 | ||
| 080 | _a332(100) | ||
| 100 | 1 |
_aOntiveros, Emilio. _987102 |
|
| 245 | 1 | 0 |
_aMercados financieros internacionales / _cEmilio Ontiveros... [et al.]. |
| 260 |
_aMadrid : _bEspasa-Calpe, _cD.L. 1991. |
||
| 300 |
_a687 p. ; _c25 cm. |
||
| 490 | 1 | _aBiblioteca de economÃa. Serie Manuales | |
| 650 | 1 | 4 |
_aMercados financieros. _915000 |
| 830 | 0 |
_aBiblioteca de economÃa. Serie Manuales _9178613 |
|
| 852 |
_aES-MaACL _jL-15140 _bR.119527 _z. - rust. |
||
| 999 |
_c7882 _d7882 |
||